Normal view
MARC view
Entry Personal Name
001 - CONTROL NUMBER
- control field: 124428
003 - CONTROL NUMBER IDENTIFIER
- control field: OSt
005 - DATE AND TIME OF LATEST TRANSACTION
- control field: 20230620150550.0
008 - FIXED-LENGTH DATA ELEMENTS
- fixed length control field: 230620|| aca||aabn | a|a d
040 ## - CATALOGING SOURCE
- Original cataloging agency: OSt
- Transcribing agency: OSt
100 ## - HEADING--PERSONAL NAME
- Personal name: WEBSTER (Jonathan J) Ed
670 ## - SOURCE DATA FOUND
- Source citation: Work cat.: (OSt): M A K Halliday 124422, On Language and Lingistics, 2003